Najwięksi polacy w historii!!!! - Statystyki

Ogólne statystyki
  • Ten quiz został rozwiązany 48 razy
    12 od ostatniego zresetowania
  • Średni wynik to 9 z 20
Statystyki odpowiedzi
Podpowiedź Odpowiedź % Poprawnych
Poeta/pisarz Adam Mickiewicz
82%
Historia Józef Piłsudski
82%
Artysta Fryderyk Chopin
73%
Duchowny Jan Paweł 2
73%
Nauka Mikołaj Kopernik
73%
Poeta/pisarz Henryk Sienkiewicz
64%
Sportowiec Robert Lewandowski
64%
Walka o wolność Lech Wałęsa
55%
Nauka Maria Skłodowska-Curie
55%
Poetka/pisarka Wisława Szymborska
55%
Poeta/pisarz Juliusz Słowacki
45%
Sport Iga Świątek
36%
Walka o wolność Tadeusz Kościuszko
36%
Duchowny Jerzy Popiełuszko
27%
Historia Kazimierz 3 Wielki
18%
Duchowny Maksymilian Maria Kolbe
18%
Nauka Ignacy Łukasiewicz
9%
Walka o wolność Kazimierz Pułaski
9%
Historia Władysław Jagiełło
9%
Artysta Stanisław Wyspiański
0%
Nie znaleziono quizów pasujących do podanych kryteriów
Rozkład punktacji
Procent ludzi z każdym wynikiem
Percentyl według liczby udzielonych odpowiedzi
Twoja historia wyników
Nie rozwiązałeś tego quizu od ostatniego zresetowania